00992nam a2200193 a 450000100100000000500170001000800410002704000250006808200160009311001190010924000190022824500730024724601440032026000640046430000200052895201140054895201190066299900170078100001579320200929164144.0100218s1972 dr r 000 0 spa d aDO-SdBNPbspacBNPHU axxxxbR426l1 aRepública DominicanabSecretaría de Estado de FinanzasbDirección General de Impuestos Sobre la Renta93554910a[ leyes. etc.]10aLey de impuestos sobre la renta :breglamentos para su aplicación.10aLey 5911 de impuesto sobre la renta y sus modificaciones :breglamentos para su aplicación y resolución no. 1 de la dirección general aSanto Domingo :bSecretaría de Estado de Finanzas,c1972. a[132] ;c30 cm. 0010718PDaPDbPDcCTd2010-02-18iLF1l0oxxxx R426lp15793-10r2020-06-25w2020-06-25yLFPDZNo se presta 0010718PDaPDbPDcCTd2010-07-15iLF1l0oxxxx R426lp15793-40r2020-06-25te.2w2020-06-25yLFPDZNo se presta c15339d15339